Altitude das Pistas em 1min - Statistics

Estatísticas Gerais
  • Esse quiz foi jogado 2 536 vezes
    2 508 desde o último reset
  • A pontuação média é 13 de 14
Estatísticas das Respostas
Hint Resposta % Correto
Leme/SDLL 2000
95%
Araras/SDAA 2200
95%
Santa Rita do Passa Quatro/SIOR 2800
94%
Fazenda Pixoxó 2100
92%
Itirapina/Represa do Lobo/SDJA 2600
92%
Rio Claro/SDRK 2000
91%
Araraquara/SBAQ 2300
90%
Fazenda Álamo 2400
90%
Usina Ipiranga 2500
89%
São Carlos/CBT/SDSC 2600
89%
Fazenda da Toca 2700
89%
Analândia/SDAF 2800
89%
Usina Santa Rita/Área Vermelha/SDSQ 2100
87%
Fazenda da Barra/SDST 2300
86%
Nenhum quiz correspondente encontrado
Distribuição das Pontuações
Porcentagem de Pessoas com Cada Pontuação
Percentil de Números Respondidos
Sua Pontuação Histórica
Você não jogou esse quiz desde o último reset